Electrical Engineering Machines (Record no. 13495)

MARC details
000 -LEADER
fixed length control field 00230nam a22001097a 4500
082 ## - DEWEY DECIMAL CLASSIFICATION NUMBER
Classification number 621.1CHH
100 ## - MAIN ENTRY--AUTHOR NAME
Personal name Chhalotra
245 ## - TITLE STATEMENT
Title Electrical Engineering Machines
260 ## - PUBLICATION, DISTRIBUTION, ETC. (IMPRINT)
Place of publication Dehli
Name of publisher Khana
Year of publication 1984
300 ## - PHYSICAL DESCRIPTION
Number of Pages 507
942 ## - ADDED ENTRY ELEMENTS (KOHA)
Koha item type Books
Holdings
Withdrawn status Lost status Home library Current library Date acquired Cost, normal purchase price Full call number Accession Number Koha item type
    Central Library, QUEST, Nawabshah Central Library, QUEST, Nawabshah 07/05/2015 98.00 621.1CHH 10093 Books
    Central Library, QUEST, Nawabshah Central Library, QUEST, Nawabshah 07/05/2015 98.00 621.1CHH 10094 Books
    Central Library, QUEST, Nawabshah Central Library, QUEST, Nawabshah 07/05/2015 98.00 621.1CHH 10095 Books
    Central Library, QUEST, Nawabshah Central Library, QUEST, Nawabshah 07/05/2015 98.00 621.1CHH 10096 Books